Tuyển tập Nguyễn Khải; T2

保存先:
書誌詳細
第一著者: Nguyễn Khải nhà văn
フォーマット: 図書
言語:Undetermined
出版事項: Hà Nội Văn Học 1996
主題:
タグ: タグ追加
タグなし, このレコードへの初めてのタグを付けませんか!
Thư viện lưu trữ: Trung tâm Học liệu Trường Đại học Cần Thơ
LEADER 00549nam a2200169Ia 4500
001 CTU_35849
008 210402s9999 xx 000 0 und d
082 |a 895.922333 
082 |b Kh103t/T2 
100 |a Nguyễn Khải nhà văn 
245 0 |a Tuyển tập Nguyễn Khải; T2 
245 0 |c Nguyễn Khải nhà văn 
260 |a Hà Nội 
260 |b Văn Học 
260 |c 1996 
650 |a vietnamese fiction - collections,vietnamese literature - 20th century 
980 |a Trung tâm Học liệu Trường Đại học Cần Thơ